[Event "Birzai-ch"]
[Site "Birzai"]
[Date "2011.11.30"]
[Round "8"]
[White "Vitkevicius, Juozas"]
[Black "Juknaite, Aurelija"]
[Result "1-0"]
[WhiteElo "1858"]
[BlackElo "1655"]
[PlyCount "55"]
[EventDate "2011.11.07"]
[EventType "swiss"]
[EventRounds "9"]
[EventCountry "LTU"]
[SourceTitle "EXT 2013"]
[Source "ChessBase"]
[SourceDate "2012.11.22"]
[SourceVersion "1"]
[SourceVersionDate "2012.11.22"]
[SourceQuality "1"]

1. e4 e5 2. Nf3 Nc6 3. Bb5 a6 4. Ba4 Be7 5. 0-0 d6 6. c3 f5 7. exf5 Bxf5 8. d4 e4 9. d5 b5 10. Bc2 Na5 11. Nd4 Bd7 12. Bxe4 Nf6 13. Bf3 0-0 14. b3 Qc8 15. Re1 Re8 16. Bg5 c6 17. b4 Nc4 18. dxc6 Bf5 19. Nd2 Ne5 20. Bxf6 Bxf6 21. Bd5+ Kh8 22. a4 bxa4 23. Qxa4 Bg6 24. c7 Ra7 25. Nb5 axb5 26. Qxa7 Re7 27. Qb7 Bf5 28. Ra8 1-0

[Event "Birzai-ch"]
[Site "Birzai"]
[Date "2011.11.21"]
[Round "5"]
[White "Noreika, Danielius"]
[Black "Vitkevicius, Juozas"]
[Result "0-1"]
[WhiteElo "1824"]
[BlackElo "1858"]
[PlyCount "46"]
[EventDate "2011.11.07"]
[EventType "swiss"]
[EventRounds "9"]
[EventCountry "LTU"]
[SourceTitle "EXT 2013"]
[Source "ChessBase"]
[SourceDate "2012.11.22"]
[SourceVersion "1"]
[SourceVersionDate "2012.11.22"]
[SourceQuality "1"]

1. e4 c5 2. Nf3 d6 3. Nc3 Nc6 4. Bb5 Bd7 5. d3 a6 6. Ba4 g6 7. Be3 Bg7 8. Bxc6 Bxc6 9. Qd2 b5 10. Rb1 Qd7 11. 0-0 Qg4 12. Ne2 Nf6 13. Ng3 h5 14. h4 Qc8 15. d4 Nxe4 16. Nxe4 Bxe4 17. Ng5 Bb7 18. dxc5 dxc5 19. f3 0-0 20. Nh3 Rd8 21. Qf2 Qf5 22. Bxc5 Rac8 23. Bxe7 Bd4 0-1

[Event "Birzai-ch"]
[Site "Birzai"]
[Date "2011.11.16"]
[Round "4"]
[White "Vitkevicius, Juozas"]
[Black "Nisanovas, Arnas"]
[Result "0-1"]
[WhiteElo "1858"]
[BlackElo "1942"]
[PlyCount "56"]
[EventDate "2011.11.07"]
[EventType "swiss"]
[EventRounds "9"]
[EventCountry "LTU"]
[SourceTitle "EXT 2013"]
[Source "ChessBase"]
[SourceDate "2012.11.22"]
[SourceVersion "1"]
[SourceVersionDate "2012.11.22"]
[SourceQuality "1"]

1. e4 c5 2. Nf3 d6 3. d4 cxd4 4. Nxd4 Nf6 5. Nc3 a6 6. Bg5 e6 7. f4 Be7 8. Qf3 Qc7 9. 0-0-0 b5 10. a3 Bb7 11. Bd3 0-0 12. Qh3 Rc8 13. Rhe1 Nbd7 14. Bxf6 Bxf6 15. e5 dxe5 16. Nxe6 fxe6 17. Qxe6+ Kh8 18. Bxh7 Kxh7 19. Rxd7 Qc6 20. Qf5+ Kg8 21. fxe5 Re8 22. e6 Bc8 23. Nd5 Bxd7 24. Nxf6+ gxf6 25. Qg6+ Kh8 26. Qxf6+ Kg8 27. Qf7+ Kh8 28. Re5 Rxe6 0-1

[Event "LTU-chT2"]
[Site "Lithuania"]
[Date "2010.01.31"]
[Round "6.11"]
[White "Galuscak, Viktoras"]
[Black "Vitkevicius, Juozas"]
[Result "1/2-1/2"]
[WhiteElo "1830"]
[BlackElo "1895"]
[PlyCount "58"]
[EventDate "2009.11.07"]
[EventType "team-tourn"]
[EventRounds "9"]
[EventCountry "LTU"]
[SourceTitle "EXT 2022"]
[Source "ChessBase"]
[SourceDate "2021.10.06"]
[SourceVersion "1"]
[SourceVersionDate "2021.10.06"]
[SourceQuality "1"]

1. e4 e5 2. Nf3 Nc6 3. Bc4 Nf6 4. 0-0 Be7 5. Re1 d6 6. h3 0-0 7. c3 Be6 8. Bb5 Qd7 9. Ng5 h6 10. Nxe6 fxe6 11. d4 a6 12. Ba4 b5 13. dxe5 Nxe5 14. Bc2 c5 15. Bf4 Nc6 16. Nd2 e5 17. Bh2 Kh8 18. Nf1 Bd8 19. Ne3 Ne7 20. Qd2 Qc6 21. Rad1 Bc7 22. Nd5 Nexd5 23. exd5 Qd7 24. Re2 c4 25. g4 Bb6 26. Bf5 Qf7 27. Be6 Qg6 28. Bf5 Qf7 29. Be6 Qg6 1/2-1/2

[Event "LTU-chT1 4th 0809 pre group B"]
[Site "Lithuania"]
[Date "2008.12.14"]
[Round "4.2"]
[White "Svitojus, Zygimantas"]
[Black "Vitkevicius, Juozas"]
[Result "1-0"]
[WhiteElo "1649"]
[BlackElo "1922"]
[PlyCount "93"]
[EventDate "2008.11.08"]
[EventType "team-tourn"]
[EventRounds "5"]
[EventCountry "LTU"]
[SourceTitle "EXT 2024"]
[Source "ChessBase"]
[SourceDate "2023.10.10"]
[SourceVersion "1"]
[SourceVersionDate "2023.10.10"]
[SourceQuality "1"]
[WhiteTeam "Marijampole Suduva"]
[BlackTeam "Birzai SK"]
[WhiteTeamCountry "LTU"]
[BlackTeamCountry "LTU"]

1. e4 e5 2. Nf3 Nc6 3. Bb5 a6 4. Ba4 Nf6 5. 0-0 Be7 6. Re1 b5 7. Bb3 0-0 8. c3 d6 9. h3 h6 10. d4 Bb7 11. Nbd2 Re8 12. Nf1 Bf8 13. Ng3 g6 14. a4 Na5 15. Bc2 Nc4 16. Qd3 c6 17. b4 Nb6 18. h4 Bg7 19. h5 Nxh5 20. Nxh5 gxh5 21. g3 Qf6 22. Kg2 Bc8 23. a5 Nc4 24. d5 c5 25. Bb3 Bg4 26. bxc5 dxc5 27. Bxc4 bxc4 28. Qe3 Qxf3+ 29. Qxf3 Bxf3+ 30. Kxf3 Rab8 31. Rh1 Rb3 32. Bd2 f5 33. Rxh5 f4 34. gxf4 exf4 35. Kxf4 Bxc3 36. Bxc3 Rxc3 37. Rg1+ Kh7 38. Rgh1 Rf8+ 39. Rf5 Rxf5+ 40. Kxf5 Rc2 41. Ke6 c3 42. d6 Rxf2 43. d7 Rd2 44. Rc1 Kg7 45. Ke7 Re2 46. Rg1+ Kh7 47. d8Q 1-0